| 000 | 00877cam a2200301 4500 | ||
|---|---|---|---|
| 001 | ABS61510 | ||
| 008 | 000000n1999 000 0 eng u | ||
| 035 | _a(Sirsi) u101624 | ||
| 245 | _aFocus '99: M25 junctions 25-31 | ||
| 260 | _c1999 | ||
| 490 |
_aEstates Gazette _v(9942) 23 October 1999, 75-101(11) |
||
| 590 | _aABS | ||
| 650 | _aENFIELD | ||
| 650 | _aWALTHAM ABBEY | ||
| 650 | _aDEVELOPMENT | ||
| 650 | _aESSEX | ||
| 650 | _aPROPERTY-COMMERCIAL PROPERTY-OFFICE PROPERTY-OFFICE PROPERTY MARKET | ||
| 650 | _aBRENTWOOD | ||
| 650 | _aM25 CORRIDOR | ||
| 650 | _aA13 | ||
| 650 | _aINDUSTRIAL MARKET | ||
| 650 | _aDISTRIBUTION | ||
| 650 | _aPROPERTY-COMMERCIAL PROPERTY-RETAIL PROPERTY-RETAIL PROPERTY MARKET | ||
| 650 | _aZONE A RENTS | ||
| 650 | _aLEISURE MARKET | ||
| 690 | _aPROPERTY-COMMERCIAL PROPERTY-COMMERCIAL PROPERTY MARKET | ||
| 942 | _n0 | ||
| 999 |
_c60753 _d60753 |
||